|
|
|
|
| LEADER |
01439nas a22003492a 4500 |
| 001 |
000900652 |
| 003 |
CZ BrMZK |
| 005 |
20121017095245.0 |
| 007 |
ta |
| 008 |
080611d19791989xr zr|p||||||||||||0cze d |
| 040 |
|
|
|a ABA001
|b cze
|d ABA001
|
| 043 |
|
|
|a e-xr---
|b e-xr-pg
|2 czenas
|
| 080 |
9 |
|
|a 050
|2 MRF-sel
|
| 080 |
9 |
|
|a 5
|2 MRF-sel
|
| 245 |
0 |
0 |
|a Stalagmit :
|b časopis pro speleology, horolezce a přátele přírody
|
| 260 |
|
|
|a Praha :
|b Česká speleologická společnost, ZO-1-06 Speleologický klub Praha,
|c 1979-1989
|
| 300 |
|
|
|a 11 sv. ;
|c 31 cm
|
| 310 |
|
|
|a 5x ročně
|
| 362 |
0 |
|
|a [Roč.1], č.1 (1979)-roč.11, č.2 (1989)
|
| 500 |
|
|
|a Rozsah a rozměry pro registraci: 5x32+4+4 s., 215/305
|
| 500 |
|
|
|a Volně navazuje Speleo
|
| 653 |
0 |
|
|a speleologie
|
| 710 |
2 |
|
|a Česká speleologická společnost.
|b Speleologický klub Praha
|7 kn20051124036
|
| 785 |
0 |
0 |
|t Speleo
|
| 910 |
|
|
|a BOA001
|b 4-0960.639
|r 1986-88
|s 8-10
|
| 970 |
|
|
|n Česká speleologická společnost, ZO-1-06 Speleologický klub Praha
|
| 990 |
|
|
|a SE
|
| 995 |
|
|
|a 01
|
| 991 |
|
|
|b 200806
|
| 996 |
6 |
|
|b 2619341674
|c 4-0960.639
|d 1988 10
|v 10
|y 1988
|l MZK
|r Sklad / do 1 hodiny
|n 2
|w 000900652
|u 000030
|a 1
|e BOA001
|j MZK50
|s P
|
| 996 |
6 |
|
|b 2619341675
|c 4-0960.639
|d 1987 9
|v 9
|y 1987
|l MZK
|r Sklad / do 1 hodiny
|n 2
|w 000900652
|u 000020
|a 1
|e BOA001
|j MZK50
|s P
|
| 996 |
6 |
|
|b 2619341676
|c 4-0960.639
|d 1986 8
|v 8
|y 1986
|l MZK
|r Sklad / do 1 hodiny
|n 2
|w 000900652
|u 000010
|a 1
|e BOA001
|j MZK50
|s P
|